[Event "Junior Online 4NCL Division 3"]
[Site "online"]
[Date "2022.02.03"]
[EventDate "2022.02.03"]
[Round "2.55"]
[White "Munshi, Rayyan"]
[WhiteElo "723"]
[WhiteTeam "Manchester Junior D"]
[Black "Quin, Wilder"]
[BlackElo "1227"]
[BlackTeam "Wanstead Warriors C"]
[Result "0-1"]
[PlyCount "114"]

1. g3 e5 2. Bg2 d5 3. Nc3 Nf6 4. e4 d4 5. Na4 Bd7 6. c3 Bxa4 7. Qxa4+ Nc6 8. cxd4 exd4 9. e5 Qe7 10. d3 Qxe5+ 11. Ne2 Bd6 12. O-O O-O 13. Bf4 Qxe2 14. Rfe1 Qxd3 15. Rad1 Qf5 16. Bxc6 bxc6 17. Qxc6 Bxf4 18. gxf4 Qxf4 19. Re2 Ng4 20. Rde1 Qxh2+ 21. Kf1 Qh3+ 22. Qg2 Qxg2+ 23. Kxg2 d3 24. Rd2 Rad8 25. Kf3 Nf6 26. b3 Rfe8 27. Red1 Kf8 28. Rxd3 Rxd3+ 29. Rxd3 Ke7 30. Re3+ Kd6 31. Kf4 Rxe3 32. fxe3 Kc5 33. Kg5 Kd5 34. a4 Ke4 35. b4 Kxe3 36. b5 Kd4 37. a5 Kc5 38. b6 cxb6 39. axb6 axb6 40. Kf4 Kc4 41. Ke3 Kc3 42. Ke2 h5 43. Ke3 h4 44. Kf2 b5 45. Kg2 b4 46. Kh3 b3 47. Kxh4 b2 48. Kg5 b1=Q 49. Kf4 Qe4+ 50. Kg5 Qe1 51. Kf5 Nd5 52. Kg5 Qf1 53. Kg4 Kd4 54. Kg5 Ke4 55. Kh5 Qg1 56. Kh4 Kf4 57. Kh5 Qg5# 0-1

[Event "Junior Online 4NCL Division 3"]
[Site "online"]
[Date "2022.02.03"]
[EventDate "2022.02.03"]
[Round "2.56"]
[White "Qureshi, Zain"]
[WhiteElo "1111"]
[WhiteTeam "Wanstead Warriors C"]
[Black "Turner, Rufus"]
[BlackElo "687"]
[BlackTeam "Manchester Junior D"]
[Result "1-0"]
[PlyCount "85"]

1. e4 e5 2. Nc3 Bc5 3. Bc4 Nc6 4. Qg4 d6 5. Qxg7 Nce7 6. Qxh8 Bb4 7. d3 b6 8. Bg5 f6 9. Bxf6 Qd7 10. Bxe7 Qxe7 11. Qxg8+ Kd7 12. Qf7 Qxf7 13. Bxf7 Kd8 14. Ne2 Ke7 15. Bd5 c6 16. Bxc6 Rb8 17. O-O-O Bg4 18. f3 Be6 19. Bd5 Bc8 20. Bc4 a5 21. Nd5+ Kd7 22. Nxb4 axb4 23. d4 exd4 24. Rxd4 b5 25. Bg8 Bb7 26. Bxh7 Kc6 27. Rxb4 Ba6 28. Nd4+ Kc5 29. c3 Rb7 30. Bf5 Rb8 31. Nb3+ Kb6 32. Nd4 Ka5 33. Nc6+ Kb6 34. Nxb8 Kc5 35. Nxa6+ Kb6 36. h4 Kxa6 37. h5 Kb7 38. Rxb5+ Kc7 39. Rd5 Kd8 40. h6 Ke8 41. h7 Kf8 42. h8=Q+ Kf7 43. Rh7# 1-0

[Event "Junior Online 4NCL Division 3"]
[Site "online"]
[Date "2022.02.03"]
[EventDate "2022.02.03"]
[Round "2.57"]
[White "Pilditch, Kento"]
[WhiteElo "295"]
[WhiteTeam "Manchester Junior D"]
[Black "Chu, Ray"]
[BlackElo "1050"]
[BlackTeam "Wanstead Warriors C"]
[Result "1/2-1/2"]
[PlyCount "38"]

1. d4 Nf6 2. Bf4 g6 3. c3 Bg7 4. e3 O-O 5. Bd3 d6 6. Nd2 Nc6 7. Ngf3 Re8 8. O-O Nd5 9. Bg3 e5 10. Bh4 Bf6 11. Bxf6 Nxf6 12. Ne4 Nxe4 13. Bxe4 exd4 14. Bxc6 bxc6 15. exd4 Ba6 16. Re1 Rb8 17. Rxe8+ Qxe8 18. Ng5 Rxb2 19. Qa4 Re2 1/2-1/2

[Event "Junior Online 4NCL Division 3"]
[Site "online"]
[Date "2022.02.03"]
[EventDate "2022.02.03"]
[Round "2.58"]
[White "Williams, Frank"]
[WhiteElo "1017"]
[WhiteTeam "Wanstead Warriors C"]
[Black "Pilditch, Erika"]
[BlackElo "355"]
[BlackTeam "Manchester Junior D"]
[Result "1-0"]
[PlyCount "51"]

1. e4 e5 2. d4 exd4 3. c3 dxc3 4. Bc4 cxb2 5. Bxb2 Nf6 6. e5 Ne4 7. Bxf7+ Kxf7 8. Qd5+ Ke8 9. Qxe4 Nc6 10. Nf3 Bb4+ 11. Nc3 Qe7 12. O-O Qc5 13. Rfc1 Ne7 14. a3 Bxc3 15. Rxc3 Qd5 16. Qg4 Rg8 17. Rxc7 d6 18. Qh4 Qe6 19. exd6 Qxd6 20. Be5 Qe6 21. Re1 Bd7 22. Bxg7 Qd6 23. Bf6 Qxc7 24. Rxe7+ Kf8 25. Qh6+ Rg7 26. Qxg7# 1-0

[Event "Junior Online 4NCL Division 3"]
[Site "online"]
[Date "2022.02.03"]
[EventDate "2022.02.03"]
[Round "2.61"]
[White "Gehlote, Sohum Singh"]
[WhiteElo "1089"]
[WhiteTeam "Chess Challengers E"]
[Black "Dean, Eskander"]
[BlackElo "1316"]
[BlackTeam "The Hall 2"]
[Result "0-1"]
[PlyCount "44"]

1. e4 e5 2. Nf3 Nc6 3. Bc4 Bc5 4. Nc3 Nf6 5. O-O d6 6. h3 h6 7. b3 Be6 8. Bxe6 fxe6 9. Bb2 O-O 10. Re1 Nd4 11. Nxd4 Bxd4 12. Qe2 d5 13. d3 dxe4 14. dxe4 Nd7 15. Red1 Rxf2 16. Qc4 Rxc2+ 17. Kh1 Rxb2 18. Qxe6+ Kh8 19. Rdc1 Qg5 20. g4 Bxc3 21. Rxc3 Qd2 22. Rg1 Qh2# 0-1

[Event "Junior Online 4NCL Division 3"]
[Site "online"]
[Date "2022.02.03"]
[EventDate "2022.02.03"]
[Round "2.62"]
[White "van Steenis"]
[WhiteElo "1300"]
[WhiteTeam "The Hall 2"]
[Black "Moiseev, Mikhail"]
[BlackElo "1077"]
[BlackTeam "Chess Challengers E"]
[Result "1-0"]
[PlyCount "95"]

1. c4 e5 2. Nc3 Nc6 3. Nf3 Nf6 4. d4 exd4 5. Nxd4 Bb4 6. Bg5 Bxc3+ 7. bxc3 Nxd4 8. cxd4 h6 9. Bh4 g5 10. Bg3 Ne4 11. e3 Qe7 12. Be2 Qb4+ 13. Kf1 Nd2+ 14. Kg1 Nxc4 15. Qb3 Qxb3 16. axb3 Nb6 17. Bxc7 d5 18. Bxb6 axb6 19. Rxa8 Kd7 20. Bf3 f5 21. Bxd5 f4 22. Bxb7 Re8 23. Bxc8+ Kc7 24. Bb7 Re7 25. Bf3 Re6 26. b4 g4 27. Bxg4 Re4 28. Rc8+ Kd6 29. b5 Re7 30. Rc6+ Kd5 31. Bf3+ Re4 32. Bxe4+ Kxe4 33. exf4 Kxd4 34. Rxb6 Kd3 35. Rxh6 Ke2 36. b6 Kd3 37. b7 Ke2 38. b8=Q Kd3 39. Qb4 Ke2 40. Re6+ Kd1 41. Qb3+ Kd2 42. Qe3+ Kd1 43. g3 Kc2 44. Kg2 Kb2 45. Rc6 Ka2 46. Qe8 Kb3 47. Qb8+ Ka2 48. Ra6# 1-0

[Event "Junior Online 4NCL Division 3"]
[Site "online"]
[Date "2022.02.03"]
[EventDate "2022.02.03"]
[Round "2.63"]
[White "Kulkarni, Esha"]
[WhiteElo "1070"]
[WhiteTeam "Chess Challengers E"]
[Black "Agarwal, Mihir"]
[BlackElo "1301"]
[BlackTeam "The Hall 2"]
[Result "0-1"]
[PlyCount "118"]

1. e4 e5 2. Nf3 Nc6 3. Bc4 Bc5 4. O-O d6 5. h3 Be6 6. Bb3 Nf6 7. Nc3 O-O 8. d3 h6 9. Nd5 Bxd5 10. exd5 Nd4 11. Nxd4 exd4 12. c3 Re8 13. cxd4 Bxd4 14. a4 Qd7 15. Bc4 a6 16. b4 b6 17. b5 a5 18. Rb1 Qf5 19. Bd2 Re7 20. Re1 Rae8 21. Rxe7 Rxe7 22. Qf1 Nh5 23. g4 Qg6 24. Qg2 Nf6 25. Be1 Qg5 26. Rd1 Qf4 27. Bd2 Qe5 28. Re1 Qxe1+ 29. Bxe1 Rxe1+ 30. Kh2 Be5+ 31. Qg3 Bxg3+ 32. Kxg3 g5 33. h4 Rg1+ 34. Kh3 gxh4 35. Kxh4 Rxg4+ 36. Kh3 Rf4 37. Kg2 Kg7 38. f3 Kg6 39. Kg3 Nh5+ 40. Kf2 Kg5 41. Ke3 Kh4 42. Kf2 Kh3 43. Ke3 Kg2 44. Ke2 Rxf3 45. Kd2 Kf2 46. d4 Nf4 47. Kc2 Ke1 48. Bb3 Re3 49. Bc4 h5 50. Kb2 Kd2 51. Kb1 Rc3 52. Ba2 h4 53. Kb2 Rc2+ 54. Kb3 h3 55. Bb1 Rc3+ 56. Kb2 h2 57. Bd3 h1=Q 58. Be4 Qc1+ 59. Ka2 Ra3# 0-1

[Event "Junior Online 4NCL Division 3"]
[Site "online"]
[Date "2022.02.03"]
[EventDate "2022.02.03"]
[Round "2.65"]
[White "Dean, Eskander"]
[WhiteElo "1316"]
[WhiteTeam "The Hall 2"]
[Black "Gehlote, Sohum Singh"]
[BlackElo "1089"]
[BlackTeam "Chess Challengers E"]
[Result "1-0"]
[PlyCount "91"]

1. e4 e5 2. Nf3 Nc6 3. Bc4 Nf6 4. d3 Bc5 5. Nc3 h6 6. h3 O-O 7. Be3 Bxe3 8. fxe3 b6 9. O-O Bb7 10. Nd2 Qe7 11. Nd5 Nxd5 12. Bxd5 Rab8 13. Qf3 Nd8 14. Bxb7 Rxb7 15. d4 Nc6 16. Nb3 exd4 17. exd4 Qb4 18. c3 Qe7 19. e5 Rbb8 20. Rfe1 Rbe8 21. Nd2 Qg5 22. Qe3 Qxe3+ 23. Rxe3 Ne7 24. Rae1 Nf5 25. Re4 a5 26. Rf4 Ne7 27. Rf3 c5 28. Ref1 cxd4 29. cxd4 Nc6 30. Rf4 Nb4 31. Ne4 Nxa2 32. Nd6 Re7 33. g4 g5 34. Rf6 Nb4 35. Rxh6 Nd5 36. Rh5 f6 37. exf6 Nxf6 38. Rxg5+ Rg7 39. Rgf5 Rg6 40. Ne4 d5 41. Rxf6 dxe4 42. Rxg6+ Kh8 43. Rxf8+ Kh7 44. Rfg8 e3 45. g5 e2 46. R6g7# 1-0

[Event "Junior Online 4NCL Division 3"]
[Site "online"]
[Date "2022.02.03"]
[EventDate "2022.02.03"]
[Round "2.66"]
[White "Moiseev, Mikhail"]
[WhiteElo "1077"]
[WhiteTeam "Chess Challengers E"]
[Black "van Steenis"]
[BlackElo "1300"]
[BlackTeam "The Hall 2"]
[Result "0-1"]
[PlyCount "96"]

1. e4 c6 2. Nc3 d5 3. exd5 cxd5 4. d4 Nf6 5. Bf4 Nc6 6. Bb5 Qb6 7. Bxc6+ bxc6 8. b3 Bf5 9. Nf3 e6 10. O-O c5 11. dxc5 Bxc5 12. Na4 Qc6 13. Rc1 Rc8 14. c4 Bd6 15. cxd5 Bc2 16. dxc6 Bxd1 17. Rfxd1 Bxf4 18. Rc4 Nd5 19. Rxd5 exd5 20. Rxf4 Rxc6 21. g3 O-O 22. Rb4 Rc2 23. Rb7 a6 24. Ra7 Rxa2 25. Rxa6 h6 26. Rd6 Rb8 27. Ne5 Rxb3 28. Nc5 Rb1+ 29. Kg2 f6 30. Ng6 Rd1 31. Ne7+ Kf7 32. Rxd5 Rxd5 33. Nxd5 Ra5 34. Nxf6 Rxc5 35. Ne4 Rc2 36. Kh3 Ke6 37. f4 Kf5 38. Nd6+ Kg6 39. f5+ Kf6 40. g4 Rc3+ 41. Kh4 Rc2 42. Ne4+ Ke5 43. f6 gxf6 44. Nxf6 Kxf6 45. h3 Rc3 46. g5+ hxg5+ 47. Kg4 Rc4+ 48. Kh5 Rh4# 0-1

[Event "Junior Online 4NCL Division 3"]
[Site "online"]
[Date "2022.02.03"]
[EventDate "2022.02.03"]
[Round "2.67"]
[White "Agarwal, Mihir"]
[WhiteElo "1301"]
[WhiteTeam "The Hall 2"]
[Black "Kulkarni, Esha"]
[BlackElo "1070"]
[BlackTeam "Chess Challengers E"]
[Result "1/2-1/2"]
[PlyCount "76"]

1. e4 e5 2. Nf3 Nc6 3. Bc4 Nf6 4. Nc3 Bc5 5. d3 h6 6. h3 O-O 7. O-O d6 8. Be3 Bb6 9. Qd2 Ba5 10. a3 a6 11. b4 Bb6 12. Bxb6 cxb6 13. Nd5 b5 14. Bb3 a5 15. bxa5 Nxa5 16. c3 Nxb3 17. Qb2 Nxa1 18. Rxa1 Bd7 19. c4 bxc4 20. dxc4 Rb8 21. Qd2 Bc6 22. Rd1 Nxe4 23. Qd3 Nc5 24. Qe2 Ra8 25. Ra1 Bxd5 26. cxd5 Qb8 27. Qe3 b5 28. Nh4 b4 29. Nf5 Rxa3 30. Rxa3 bxa3 31. Nxh6+ gxh6 32. Qxh6 a2 33. Qg5+ Kh8 34. Qh6+ Kg8 35. Qg5+ Kh7 36. Qh5+ Kg7 37. Qg5+ Kh8 38. Qh6+ Kg8 1/2-1/2

[Event "Junior Online 4NCL Division 3"]
[Site "online"]
[Date "2022.02.03"]
[EventDate "2022.02.03"]
[Round "2.71"]
[White "Wang, Hantin"]
[WhiteElo "1270"]
[WhiteTeam "London Dragons Californium"]
[Black "Srinivasan, Raghav"]
[BlackElo "1301"]
[BlackTeam "Chess Challengers B"]
[Result "0-1"]
[PlyCount "110"]

1. d4 Nf6 2. c4 d6 3. Nc3 g6 4. e4 Bg7 5. Be3 O-O 6. Be2 Re8 7. Nf3 b6 8. O-O Bb7 9. Qc2 Nbd7 10. h3 e5 11. d5 Nc5 12. b4 Ncd7 13. Na4 Rc8 14. Rab1 Ba6 15. Bd3 Nh5 16. c5 Bxd3 17. Qxd3 dxc5 18. bxc5 Nf4 19. Bxf4 exf4 20. c6 Ne5 21. Nxe5 Bxe5 22. Qa6 Ra8 23. Rfe1 Bd4 24. Nb2 f5 25. exf5 Rxe1+ 26. Rxe1 Bxb2 27. Qc4 Qf6 28. d6+ Qf7 29. Qxf7+ Kxf7 30. Re7+ Kf6 31. Rxc7 Be5 32. Rd7 Rc8 33. c7 Bxd6 34. Rxd6+ Kxf5 35. Rd7 Ke6 36. Rxh7 Kd6 37. Kf1 Rxc7 38. Rxc7 Kxc7 39. Ke2 Kd6 40. g3 fxg3 41. fxg3 Ke6 42. Ke3 Ke5 43. a4 a6 44. Kd3 b5 45. axb5 axb5 46. h4 Kf5 47. Kc3 Kg4 48. Kb4 Kxg3 49. Kxb5 Kxh4 50. Kc4 g5 51. Kd3 g4 52. Ke2 Kh3 53. Kf2 Kh2 54. Kf1 g3 55. Ke1 g2 0-1

[Event "Junior Online 4NCL Division 3"]
[Site "online"]
[Date "2022.02.03"]
[EventDate "2022.02.03"]
[Round "2.72"]
[White "Botiz, Thomas"]
[WhiteElo "1300"]
[WhiteTeam "Chess Challengers B"]
[Black "Li, Leo"]
[BlackElo "1260"]
[BlackTeam "London Dragons Californium"]
[Result "1-0"]
[PlyCount "59"]

1. d4 b6 2. c4 Bb7 3. Nf3 Nf6 4. g3 c6 5. Bg2 Na6 6. a3 e6 7. Nc3 c5 8. O-O cxd4 9. Nxd4 Bxg2 10. Kxg2 Qc7 11. Qd3 Nc5 12. Ndb5 Qc6+ 13. Qf3 Qxf3+ 14. Kxf3 a6 15. Nc7+ Ke7 16. Nxa8 Kd6 17. Bf4+ e5 18. Be3 Kc6 19. Bxc5 Bxc5 20. Nxb6 Bxb6 21. Ne4 Nxe4 22. Kxe4 Kd6 23. Rac1 Bd4 24. b4 Bb2 25. c5+ Ke6 26. Rcd1 Bxa3 27. Rd6+ Ke7 28. Rfd1 Bxb4 29. Rxd7+ Ke6 30. R1d6# 1-0

[Event "Junior Online 4NCL Division 3"]
[Site "online"]
[Date "2022.02.03"]
[EventDate "2022.02.03"]
[Round "2.73"]
[White "Tao, Max"]
[WhiteElo "1200"]
[WhiteTeam "London Dragons Californium"]
[Black "Karadkar, Aryan"]
[BlackElo "1380"]
[BlackTeam "Chess Challengers B"]
[Result "0-1"]
[PlyCount "60"]

1. e4 e5 2. Nf3 Nc6 3. d4 exd4 4. Nxd4 Qh4 5. Nxc6 Qxe4+ 6. Be2 dxc6 7. Nc3 Bb4 8. O-O Bxc3 9. bxc3 Qg6 10. Bd3 Bf5 11. Re1+ Ne7 12. Bc4 Bh3 13. g3 b5 14. Qe2 Qf6 15. Bb3 Rd8 16. Bb2 Qd6 17. Ba3 c5 18. Rad1 Qf6 19. Bb2 Rxd1 20. Rxd1 O-O 21. c4 Qxb2 22. Qd2 h6 23. c3 Qxd2 24. Rxd2 bxc4 25. Bxc4 Nc6 26. Rd7 Re8 27. Rd1 Ne5 28. Re1 Nf3+ 29. Kh1 Rxe1+ 30. Bf1 Rxf1# 0-1

[Event "Junior Online 4NCL Division 3"]
[Site "online"]
[Date "2022.02.03"]
[EventDate "2022.02.03"]
[Round "2.74"]
[White "Pyla, Akhil"]
[WhiteElo "1336"]
[WhiteTeam "Chess Challengers B"]
[Black "Yang, Miao"]
[BlackElo "1240"]
[BlackTeam "London Dragons Californium"]
[Result "1-0"]
[PlyCount "91"]

1. e4 e5 2. Nf3 Nc6 3. Nc3 Bc5 4. Bc4 Nf6 5. d3 d6 6. Bg5  h6 7. Bh4 g5 8. Bg3 Be6 9. Bb3 Qd7 10. Nd5 O-O-O 11. Nxf6 Qe7 12. Bxe6+ Qxe6 13. Nd5 Rhf8 14. a3 f5 15. h3 f4 16. Bh2 g4 17. hxg4 Qxg4 18. Rg1 Nd4 19. Nxd4 Bxd4 20. Qxg4+ Kb8 21. c3 Bc5 22. b4 Bb6 23. Nxb6 cxb6 24. a4 Rg8 25. Qe6 Rde8 26. Qxd6+ Ka8 27. a5 bxa5 28. Rxa5 b6 29. Qxb6 Re7 30. Qc6+ Kb8 31. Qd6+ Rc7 32. Rxa7 Rg7 33. Qxc7+ Rxc7 34. Rxc7 Kxc7 35. Kd2 Kd6 36. g3 f3 37. g4 Ke6 38. g5 Kf7 39. g6+ Kg7 40. b5 Kg8 41. b6 Kg7 42. b7 Kg8 43. b8=R+ Kg7 44. Rb7+ Kg8 45. Ra1 h5 46. Ra8#  1-0

[Event "Junior Online 4NCL Division 3"]
[Site "online"]
[Date "2022.02.03"]
[EventDate "2022.02.03"]
[Round "2.75"]
[White "Srinivasan, Raghav"]
[WhiteElo "1301"]
[WhiteTeam "Chess Challengers B"]
[Black "Wang, Hantin"]
[BlackElo "1270"]
[BlackTeam "London Dragons Californium"]
[Result "0-1"]
[PlyCount "78"]

1. e4 c5 2. Nf3 d6 3. c3 Nf6 4. Bb5+ Bd7 5. Bxd7+ Qxd7 6. d3 g6 7. Be3 Bg7 8. Nbd2 O-O 9. Qb3 Nc6 10. O-O Rab8 11. d4 cxd4 12. Nxd4 Ng4 13. Nxc6 bxc6 14. Qc2 Nxe3 15. fxe3 Qb7 16. Rab1 Qa6 17. Nb3 Qb6 18. Qf2 a5 19. Nd4 c5 20. Nf3 Qc6 21. Nd2 Rb7 22. Nc4 Qb5 23. Na3 Qd3 24. Qf3 Qa6 25. Rfc1 Rfb8 26. b3 a4 27. Nc4 axb3 28. axb3 Rxb3 29. Rxb3 Rxb3 30. Rf1 Qxc4 31. Qg4 Qe6 32. Qxe6 fxe6 33. c4 Rxe3 34. Rf4 Be5 35. Rg4 Rc3 36. h3 Rxc4 37. Rg3 Bxg3 38. Kf1 Rxe4 39. h4 Re1# 0-1

[Event "Junior Online 4NCL Division 3"]
[Site "online"]
[Date "2022.02.03"]
[EventDate "2022.02.03"]
[Round "2.76"]
[White "Li, Leo"]
[WhiteElo "1260"]
[WhiteTeam "London Dragons Californium"]
[Black "Botiz, Thomas"]
[BlackElo "1300"]
[BlackTeam "Chess Challengers B"]
[Result "0-1"]
[PlyCount "116"]

1. g3 d5 2. Bg2 e5 3. Nf3 Nf6 4. Nxe5 Nc6 5. Nxc6 bxc6 6. Nc3 d4 7. Bxc6+ Bd7 8. Bxa8 Qxa8 9. Nb5 Bxb5 10. d3 Qxh1+ 11. Kd2 Qxh2 12. c3 dxc3+ 13. bxc3 Qxf2 14. Qb3 Qb6 15. c4 Bc6 16. Qxb6 axb6 17. a4 Bb4+ 18. Kc2 O-O 19. Kb3 Ba5 20. Bf4 Re8 21. Re1 Bxe1 22. Bxc7 Rxe2 23. Bxb6 Bxg3 24. d4 Re3+ 25. Kb4 Be1+ 26. Kc5 Nd7+ 27. Kxc6 Nxb6 28. Kxb6 Rc3 29. c5 Rb3+ 30. Kc6 Bf2 31. d5 Rc3 32. Kd7 Rxc5 33. d6 Rd5 34. Kc6 Rc5+ 35. Kb7 Ra5 36. d7 Bh4 37. Kc6 Rxa4 38. Kd6 Bd8 39. Kc6 Kf8 40. Kd6 Ra6+ 41. Kc5 Ke7 42. Kb5 Rd6 43. Kc5 Kxd7 44. Kc4 Kc6 45. Kb4 Rd5 46. Kc4 Re5 47. Kd4 Kd6 48. Kc4 Rd5 49. Kc3 Kc5 50. Kc2 Kc4 51. Kb2 Rd3 52. Kc2 Rd4 53. Kb2 Kb4 54. Kc2 h6 55. Kb2 Rd2+ 56. Kc1 Kc3 57. Kb1 Re2 58. Ka1 Kb3 0-1

[Event "Junior Online 4NCL Division 3"]
[Site "online"]
[Date "2022.02.03"]
[EventDate "2022.02.03"]
[Round "2.77"]
[White "Karadkar, Aryan"]
[WhiteElo "1380"]
[WhiteTeam "Chess Challengers B"]
[Black "Tao, Max"]
[BlackElo "1200"]
[BlackTeam "London Dragons Californium"]
[Result "1-0"]
[PlyCount "41"]

1. e4 e5 2. f4 exf4 3. Nf3 Nf6 4. e5 Ne4 5. d4 Nc6 6. Bxf4 f6 7. Bd3 Ng5 8. c3 d5 9. Nbd2 Bg4 10. O-O Nxf3+ 11. Nxf3 f5 12. Qb3 Bxf3 13. Rxf3 Qh4 14. Bg3 Qh6 15. Rxf5 Qd2 16. Bb5 Be7 17. Qxd5 Bg5 18. Bxc6+ bxc6 19. Qxc6+ Ke7 20. Qxc7+ Ke6 21. Qf7# 1-0

[Event "Junior Online 4NCL Division 3"]
[Site "online"]
[Date "2022.02.03"]
[EventDate "2022.02.03"]
[Round "2.78"]
[White "Yang, Miao"]
[WhiteElo "1240"]
[WhiteTeam "London Dragons Californium"]
[Black "Pyla, Akhil"]
[BlackElo "1336"]
[BlackTeam "Chess Challengers B"]
[Result "0-1"]
[PlyCount "70"]

1. e4 c5 2. Nf3 Nc6 3. Bc4 e6 4. Nc3 g6 5. O-O Bg7 6. d3 Nge7 7. Bg5 f6 8. Be3 b6 9. Nb5 Na5 10. Nd6+ Kf8 11. d4 Nxc4 12. dxc5 Nxe3 13. fxe3 bxc5 14. Re1 f5 15. exf5 Nxf5 16. Rf1 Ke7 17. Nxf5+ gxf5 18. Ng5 Bxb2 19. Rb1 Bf6 20. Qh5 Bxg5 21. Qxg5+ Kf7 22. Qh5+ Kg7 23. Rf3 Rg8 24. Rg3+ Kh8 25. Rh3 Qe7 26. Rf1 Qg7 27. Rf2 Bb7 28. Rg3 Qf6 29. Rxg8+ Rxg8 30. g3 Qg6 31. Qh4 Qg5 32. Qh3 Qxe3 33. Kf1 Qc1+ 34. Ke2 Qxc2+ 35. Kf1 Qd1# 0-1

[Event "Junior Online 4NCL Division 3"]
[Site "online"]
[Date "2022.02.03"]
[EventDate "2022.02.03"]
[Round "2.81"]
[White "Dalah, Jacob"]
[WhiteElo "1328"]
[WhiteTeam "Edgware Gambits D"]
[Black "Patange, Ansh"]
[BlackElo "1274"]
[BlackTeam "Uxbridge C"]
[Result "1-0"]
[PlyCount "103"]

1. g3 e5 2. Bg2 Nc6 3. e4 Bc5 4. Nf3 Nf6 5. O-O d6 6. d3 Be6 7. a4 h6 8. c3 a5 9. Be3 Ba7 10. Bxa7 Nxa7 11. d4 Nxe4 12. dxe5 Ng5 13. Nxg5 hxg5 14. exd6 cxd6 15. Bxb7 Rb8 16. Bg2 Rxb2 17. Be4 Bh3 18. Re1 Kf8 19. Qf3 g4 20. Qf4 Qf6 21. Qxf6 gxf6 22. Rd1 Ke7 23. Nd2 Re8 24. Nc4 Rb3 25. Nxd6 Nc8 26. Nxe8 Kxe8 27. Bc6+ Ke7 28. Rd7+ Ke6 29. Bd5+ Kxd7 30. Bxb3 Nd6 31. Rd1 Ke7 32. Re1+ Kd7 33. c4 Nf5 34. c5 Nd4 35. Rd1 Kc6 36. Rxd4 Kxc5 37. Rc4+ Kb6 38. Rf4 Kc5 39. Rxf6 Kb4 40. Bd1 Kc3 41. Rxf7 Kd2 42. Ra7 Kxd1 43. Rxa5 Bg2 44. Kxg2 Ke1 45. Rb5 Ke2 46. a5 Ke1 47. a6 Ke2 48. a7 Kd1 49. a8=Q Ke1 50. Re5+ Kd1 51. Qa2 Kc1 52. Re1# 1-0

[Event "Junior Online 4NCL Division 3"]
[Site "online"]
[Date "2022.02.03"]
[EventDate "2022.02.03"]
[Round "2.82"]
[White "Navle, Aditi"]
[WhiteElo "1271"]
[WhiteTeam "Uxbridge C"]
[Black "Jowell, Leo"]
[BlackElo "1225"]
[BlackTeam "Edgware Gambits D"]
[Result "0-1"]
[PlyCount "146"]

1. e4 c5 2. c3 g6 3. d4 cxd4 4. cxd4 Bg7 5. Nf3 Nc6 6. Bc4 e6 7. Nc3 Nf6 8. O-O d5 9. e5 dxc4 10. exf6 Bxf6 11. Re1 Nxd4 12. Nxd4 Bxd4 13. Be3 Bxe3 14. Qxd8+ Kxd8 15. Rad1+ Bd7 16. Rxe3 Ke7 17. Nd5+ Kf8 18. Nf6 Bc6 19. Rc3 Kg7 20. Ng4 Rhd8 21. Ne3 Rac8 22. Rxc4 b5 23. Rxd8 Rxd8 24. Rxc6 Rd2 25. Nf1 Rxb2 26. a3 Ra2 27. Ra6 b4 28. Rxa7 bxa3 29. Ne3 Ra1+ 30. Nf1 Kf6 31. g3 Ke5 32. Kg2 Kd4 33. Nd2 Kc3 34. Ne4+ Kb3 35. Nc5+ Kc2 36. Rb7 Rb1 37. Ra7 Kb2 38. f4 a2 39. Rxa2+ Kxa2 40. Ne4 Rb2+ 41. Nf2 g5 42. fxg5 e5 43. Kf3 Rb3+ 44. Kg2 f5 45. g4 fxg4 46. Nxg4 e4 47. Kf2 Rb2+ 48. Ke3 Rb4 49. Nf6 Rb2 50. Nxe4 Rxh2 51. Nf6 Rh5 52. Kf4 Rh4+ 53. Ng4 h5 54. g6 Rxg4+ 55. Kf5 Rxg6 56. Kxg6 h4 57. Kg5 h3 58. Kg4 h2 59. Kg3 h1=Q 60. Kf4 Kb3 61. Kf5 Kc4 62. Kf6 Kd5 63. Kf5 Qf1+ 64. Kg5 Ke4 65. Kg4 Qf4+ 66. Kh5 Ke5 67. Kg6 Qf6+ 68. Kh7 Ke6 69. Kg8 Qf7+ 70. Kh8 Qe7 71. Kg8 Kf6 72. Kh8 Kg6 73. Kg8 Qg7# 0-1

[Event "Junior Online 4NCL Division 3"]
[Site "online"]
[Date "2022.02.03"]
[EventDate "2022.02.03"]
[Round "2.83"]
[White "Patel, Rohan"]
[WhiteElo "1178"]
[WhiteTeam "Edgware Gambits D"]
[Black "Navle, Yash Kumar"]
[BlackElo "1237"]
[BlackTeam "Uxbridge C"]
[Result "1/2-1/2"]
[PlyCount "121"]

1. e4 e5 2. Nf3 Nc6 3. Bc4 Nf6 4. Nc3 Nxe4 5. Nxe4 d5 6. Bd3 dxe4 7. Bxe4 Bg4 8. Bxc6+ bxc6 9. Qe2 Bd6 10. h3 Bh5 11. g4 Bg6 12. Nxe5 Qe7 13. Nxc6 Qxe2+ 14. Kxe2 Bxc2 15. Nd4 Bg6 16. Nb5 O-O 17. Nxd6 cxd6 18. Re1 Rfe8+ 19. Kf1 Bd3+ 20. Kg2 Rxe1 21. b3 Rc8 22. Bb2 Rxa1 23. Bxa1 Rc2 24. Bc3 Rxa2 25. b4 d5 26. Kf3 Be4+ 27. Ke3 Bg6 28. h4 h5 29. gxh5 Bxh5 30. Kd4 f6 31. Kxd5 g5 32. hxg5 fxg5 33. Ke5 Kg7 34. Kf5+ Kh6 35. Ke4 Bg6+ 36. Ke3 Kh5 37. Kf3 g4+ 38. Kg3 Kg5 39. f3 gxf3 40. Kxf3 Bh5+ 41. Ke3 Bg6 42. Kd4 Kf4 43. Kc4 Rc2 44. Kb3 Kf3 45. b5 Ke2 46. Kb4 Bd3 47. Ka5 Bc4 48. Kb4 Bd3 49. Ka5 Ra2+ 50. Kb4 Rc2 1/2-1/2

[Event "Junior Online 4NCL Division 3"]
[Site "online"]
[Date "2022.02.03"]
[EventDate "2022.02.03"]
[Round "2.84"]
[White "Hamid, Yusuf"]
[WhiteElo "1200"]
[WhiteTeam "Uxbridge C"]
[Black "Wen, Liana"]
[BlackElo "1154"]
[BlackTeam "Edgware Gambits D"]
[Result "1-0"]
[PlyCount "43"]

1. e4 c5 2. Nc3 d6 3. f4 Nf6 4. Nf3 Nc6 5. Bb5 a6 6. Bxc6+ bxc6 7. d3 g6 8. O-O Bg7 9. Qe1 e5 10. fxe5 dxe5 11. Qh4 Bg4 12. Bh6 O-O 13. Bxg7 Kxg7 14. Ne2 Bxf3 15. Rxf3 Rb8 16. b3 h6 17. Raf1 g5 18. Qf2 Ng4 19. Rxf7+ Kg6 20. Qf5+ Kh5 21. Rf3 Rxf7 22. Rh3# 1-0

[Event "Junior Online 4NCL Division 3"]
[Site "online"]
[Date "2022.02.03"]
[EventDate "2022.02.03"]
[Round "2.85"]
[White "Patange, Ansh"]
[WhiteElo "1274"]
[WhiteTeam "Uxbridge C"]
[Black "Dalah, Jacob"]
[BlackElo "1328"]
[BlackTeam "Edgware Gambits D"]
[Result "1-0"]
[PlyCount "81"]

1. d4 c5 2. Nf3 cxd4 3. Nxd4 e5 4. Nf3 Nc6 5. e4 d6 6. Nc3 Be6 7. Be3 Be7 8. Bd3 Nf6 9. Nd2 O-O 10. h4 d5 11. exd5 Nxd5 12. Qf3 Nxe3 13. fxe3 Bxh4+ 14. g3 Bg5 15. Bxh7+ Kh8 16. Bg6+ Bh6 17. Bd3 b5 18. Qxc6 b4 19. Nce4 f5 20. Nc5 Bd5 21. Rxh6+ gxh6 22. Qxh6+ Kg8 23. Ne6 Qe7 24. Nxf8 Rxf8 25. O-O-O e4 26. Rh1 Qg7 27. Bc4 Bxc4 28. Nxc4 Rc8 29. Nd6 b3 30. axb3 Rc6 31. Qxg7+ Kxg7 32. Nxf5+ Kf6 33. Nd4 Ra6 34. Rh6+ Ke5 35. Rxa6 Kd5 36. g4 Kc5 37. g5 Kb4 38. g6 Kc5 39. g7 Kd5 40. g8=Q+ Kc5 41. Qc4# 1-0

[Event "Junior Online 4NCL Division 3"]
[Site "online"]
[Date "2022.02.03"]
[EventDate "2022.02.03"]
[Round "2.86"]
[White "Jowell, Leo"]
[WhiteElo "1225"]
[WhiteTeam "Edgware Gambits D"]
[Black "Navle, Aditi"]
[BlackElo "1271"]
[BlackTeam "Uxbridge C"]
[Result "0-1"]
[PlyCount "72"]

1. d4 d5 2. c4 e6 3. Nc3 Nc6 4. Bf4 Nf6 5. Nf3 Bb4 6. e3 Ne4 7. Qc2 Na5 8. Bd3 Nxc3 9. bxc3 dxc4 10. cxb4 cxd3 11. Qxd3 Nc6 12. b5 Nb4 13. Qa3 Nc2+ 14. Ke2 Nxa3 15. Be5 O-O 16. Ng5 Qxg5 17. Bxc7 Nxb5 18. Bf4 Qxg2 19. Rhg1 Qh3 20. Be5 Qh5+ 21. Kd2 f6 22. Bg3 e5 23. dxe5 fxe5 24. Rab1 Nd6 25. Rbc1 Ne4+ 26. Kd3 Nxg3 27. Rxg3 Rxf2 28. Kc3 Rxa2 29. Rcg1 g6 30. Rf1 Bd7 31. e4 Qe2 32. Kb4 Qxf1 33. Rxg6+ hxg6 34. h4 Qc1 35. h5 Rb2+ 36. Ka3 Qa1# 0-1